Statistics for History Quizhanger #4

Click here to take the quiz!

General Stats

  • This quiz has been taken 107 times
  • The average score is 5 of 12

Answer Stats

ClueAnswer% Correct
Inventor of Dynamite(N)obel
85%
President of Uganda 1971-1979, claimed to be the ‘conqueror of the British Empire’(I)di Amin
68%
Ruthless empire founder whose real name was Temujin(G)enghis Khan
65%
‘Father’ of the Atomic Bomb,(O)ppenheimer
64%
The mid-nineteenth century belief that White Americans were divinely ordained to settle all of North America(M)anifest Destiny
60%
British Prime minister during the ‘Suez Crisis’(E)den
39%
Place where Elizabeth I gave her speech to the troops before the arrival of the Spanish Armada(T)ilbury
23%
First name of Captain Oates, one of the explorers on the fatal Terra Nova expedition (not his nickname)(L)awrence
21%
French metal helmet during the First World War(A)drian
19%
Chicago theatre where the deadliest theatre fire in US history occurred(I)roquois
19%
This Soviet telegram was sent in response to the US’s ‘long’ telegram in 1946(N)ovikov
19%
FORTIFICATION (TWO WORDS)Maginot line
18%

Score Distribution

Percentile by Number Answered

Percent of People with Each Score

Your Score History

You have not taken this quiz